00530nam a22001817a 450000500170000001000150001702000260003203500140005803700090007208200150008110000170009624500520011325000060016526000340017127000700020530000200027550000530029520260602101551.0 aENG-148691 a9789349042285c599.00 aEN-132223 bDBAD a347.97221 aBedi, Shruti aIn Her Honour/cShruti Bedi [and] Navdeep Singh a1 aChandigarhbThe Browserc2026 bChandigarhaSCO 14-15, Sector 8-Ce160009mservice@thebrowser.org a178p.c22cm(hb) aStories of India's First Women High Court Judges